Debata Arquela i Rybsona na temat Bounty - Statystyki

Ogólne statystyki
  • Ten quiz został rozwiązany 11 razy
  • Średni wynik to 55 z 73
Statystyki odpowiedzi
Kto mówi? Słowo % Poprawnych
A Bounty
100%
R Bounty
100%
R Jankosa
100%
R Kogo
100%
A kokosa
100%
A lubi
100%
R lubi
100%
R lubi
100%
A lubią
100%
R Nie
100%
A nie
100%
R nie
100%
A nie
100%
R nie
100%
R nie
100%
A nie
100%
A a
83%
R co
83%
A co
83%
R hejt
83%
A lubię
83%
A na
83%
R na
83%
R napędza
83%
R Nervarien
83%
A niektórzy
83%
A No
83%
A No
83%
A no
83%
R no
83%
R no
83%
A no
83%
R się
83%
A się
83%
R się
83%
R to
83%
R wiem
83%
R wiem
83%
A wiem
83%
R z
83%
A że
83%
A czemu
67%
A czy
67%
R go
67%
R Jankosem
67%
R kręci
67%
R ludzie
67%
R Mi
67%
R nienawiści
67%
R podoba
67%
R spiralę
67%
R strasznie
67%
R strasznie
67%
R tam
67%
R tym
67%
R ale
50%
A ciężko
50%
A dlatego
50%
A dziwić
50%
A dziwne
50%
A i
50%
R I
50%
R imo
50%
A jest
50%
R jest
50%
A mówisz
50%
R narzekają
50%
A ok
50%
A przykład
50%
R spoko
50%
R spytaj
50%
A trochę
33%
R wyzywa
33%
Nie znaleziono quizów pasujących do podanych kryteriów
Rozkład punktacji
Procent ludzi z każdym wynikiem
Percentyl według liczby udzielonych odpowiedzi
Twoja historia wyników
Nie rozwiązałeś tego quizu